00960cam a2200253 a 4500020006900000020007200069020004000141020004300181040000800224082002600232100002500258245004000283250001200323260003500335300004200370500003100412500003800443650001500481650002000496650001900516942000700535999001700542952014700559 a0072824166 (annotated instructor's ed. : softcover : alk. paper) a9780072824162 (annotated instructor's ed. : softcover : alk. paper) a0072824131 (softcover : alk. paper) a9780072824131 (softcover : alk. paper) cDLC a301 HIL 2004 A089 Or.1 aSchaefer, Richard T.10aSociology :ba brief introduction / a5th ed. aBoston :bMcGraw-Hill,cc2004. axxxiii, 493 p. :bcol. ill. ;c27 cm. aGift from Michael Roberts. a"Annotated instructor's edition." 0aSociology. 4aSociolog©Ưa. 4aEstados Unidos cEK c16333d16333 0010406301_000000000000000_HIL_2004_A089_OR70970616aLBAbLBAcA089d2018-02-07o301 HIL 2004 A089 Or.pA26455r2018-02-07w2018-02-07yEK